[Event "Utrecht"]
[Site "Utrecht"]
[Date "2023.08.19"]
[Round "8"]
[White "Dorokhin, Mykhailo"]
[Black "Van de Griendt, Jan Willem"]
[Result "1-0"]
[WhiteElo "2363"]
[BlackElo "2374"]
[PlyCount "133"]
[EventDate "2023.07.08"]
[EventType "tourn"]
[EventRounds "9"]
[EventCountry "NED"]
[EventCategory "4"]
[SourceTitle "EXT 2024"]
[Source "ChessBase"]
[SourceDate "2023.10.10"]
[SourceVersion "1"]
[SourceVersionDate "2023.10.10"]
[SourceQuality "1"]

1. e4 e6 2. d4 d5 3. exd5 exd5 4. Nc3 Nf6 5. Bd3 Bg4 6. Nge2 Bh5 7. Bg5 Be7 8. Qd2 Bg6 9. 0-0-0 c6 10. Ng3 0-0 11. h4 Nbd7 12. h5 Bxd3 13. Qxd3 Ng4 14. Bxe7 Qxe7 15. Qf5 Qe6 16. Rd2 Rae8 17. Qf4 f5 18. f3 Qh6 19. Qxh6 Nxh6 20. Re2 f4 21. Rxe8 Rxe8 22. Nge2 Nf5 23. Kd2 Nf8 24. Nxf4 Nxd4 25. Nce2 Nxe2 26. Nxe2 Ne6 27. a4 a5 28. Rh4 Rf8 29. Kc3 Rf5 30. b3 Kf7 31. b4 axb4+ 32. Rxb4 Nd8 33. Rh4 c5 34. Nf4 Nc6 35. Nd3 b6 36. f4 Ke6 37. g3 Kd6 38. Rg4 Rf7 39. Rg5 Ra7 40. h6 g6 41. f5 gxf5 42. Rxf5 d4+ 43. Kd2 Ke6 44. g4 Rxa4 45. Nf4+ Kd6 46. Rf7 Ne5 47. Rxh7 d3 48. Nxd3 Nxg4 49. Rh8 Ra7 50. h7 Rd7 51. Rg8 Rxh7 52. Rxg4 Rh6 53. Kc3 Kc6 54. Rg5 Kb5 55. Kb3 Rh4 56. c3 Re4 57. Ne5 Ka6 58. Nd7 Re7 59. Rd5 Kb7 60. Ne5 Re6 61. Nc4 Kc6 62. Rg5 Kb5 63. Na3+ Kc6 64. c4 Kb7 65. Rg7+ Kc6 66. Nb5 Re7 67. Na7+ 1-0

[Event "Utrecht OKU op 48th"]
[Site "Utrecht"]
[Date "2023.05.20"]
[Round "3"]
[White "Grutter, Tim"]
[Black "Van de Griendt, Jan Willem"]
[Result "1-0"]
[WhiteElo "2338"]
[BlackElo "2365"]
[PlyCount "143"]
[EventDate "2023.05.19"]
[EventType "swiss"]
[EventRounds "6"]
[EventCountry "NED"]
[SourceTitle "CBM 214 Extra"]
[Source "ChessBase"]
[SourceDate "2023.07.31"]
[SourceVersion "1"]
[SourceVersionDate "2023.07.31"]
[SourceQuality "1"]

1. e4 c5 2. Nf3 d6 3. d4 cxd4 4. Nxd4 Nf6 5. Nc3 a6 6. g3 g6 7. Bg2 Bg7 8. 0-0 0-0 9. h3 Nfd7 10. Be3 Nc6 11. b3 Rb8 12. Nce2 Qa5 13. c4 Re8 14. a3 Nxd4 15. Nxd4 Qc7 16. Qd2 b6 17. Rac1 Bb7 18. b4 Rbc8 19. Rc2 Qb8 20. Rfc1 Rc7 21. Ne2 Rec8 22. Nf4 Ne5 23. Bxb6 Rxc4 24. Qe2 Rxc2 25. Rxc2 e6 26. Be3 Qa8 27. a4 Rxc2 28. Qxc2 Bc6 29. Ne2 Qe8 30. a5 Bb5 31. Nd4 Nc4 32. Nxb5 Nxe3 33. Qd3 Nxg2 34. Nxd6 Qc6 35. Kxg2 Bf8 36. Nc4 Qb5 37. Qd4 Qxb4 38. h4 h5 39. Qd3 Qb5 40. Qd4 Kh7 41. Qd3 Bg7 42. Kf3 Bf8 43. Ke2 Bb4 44. e5 Bxa5 45. f4 Bb4 46. Qe4 a5 47. g4 hxg4 48. h5 Kg7 49. hxg6 fxg6 50. Qd4 Be7 51. Kd3 a4 52. Qa7 Kf8 53. Kd4 Qd5+ 54. Kc3 a3 55. Qb8+ Kf7 56. Nd6+ Bxd6 57. exd6 a2 58. Kb2 g3 59. Qc7+ Kf6 60. d7 Qd2+ 61. Ka1 Qd1+ 62. Kxa2 Qd2+ 63. Ka3 Qd3+ 64. Kb4 Qb1+ 65. Ka5 Qa2+ 66. Kb6 Qb3+ 67. Ka7 Qa4+ 68. Kb8 Qb5+ 69. Qb7 Qd3 70. Kc7 g2 71. Qb2+ Ke7 72. Qg7# 1-0

[Event "NED-chT 2122"]
[Site "Netherlands"]
[Date "2022.04.23"]
[Round "9.7"]
[White "Van de Griendt, Jan Willem"]
[Black "Cardon, Helmut"]
[Result "1/2-1/2"]
[WhiteElo "2362"]
[BlackElo "2391"]
[PlyCount "44"]
[EventDate "2021.09.18"]
[EventType "team-tourn"]
[EventRounds "9"]
[EventCountry "NED"]
[SourceTitle "EXT 2023"]
[Source "ChessBase"]
[SourceDate "2022.10.05"]
[SourceVersion "1"]
[SourceVersionDate "2022.10.05"]
[SourceQuality "1"]
[WhiteTeam "En Passant"]
[BlackTeam "Sas van Gent"]
[WhiteTeamCountry "NED"]
[BlackTeamCountry "NED"]

1. d4 d5 2. c4 c6 3. Nf3 Nf6 4. e3 e6 5. b3 Ne4 6. Bd3 f5 7. 0-0 Bd6 8. Ba3 0-0 9. Qc1 Nd7 10. Bxd6 Nxd6 11. a4 dxc4 12. bxc4 c5 13. a5 Rb8 14. Nc3 b6 15. a6 Qc7 16. Qc2 Nf6 17. Ne5 Bd7 18. Rac1 Bc6 19. f3 g6 20. Qb2 Nd7 21. Nxd7 Bxd7 22. Rfd1 Rbc8 1/2-1/2

[Event "NED-chT 1920"]
[Site "Netherlands"]
[Date "2019.11.23"]
[Round "3.5"]
[White "Rill, Gerard"]
[Black "Van de Griendt, Jan Willem"]
[Result "0-1"]
[WhiteElo "2245"]
[BlackElo "2336"]
[PlyCount "133"]
[EventDate "2019.09.28"]
[EventType "team-tourn"]
[EventRounds "9"]
[EventCountry "NED"]
[SourceTitle "CBM 193 Extra"]
[Source "ChessBase"]
[SourceDate "2020.01.31"]
[SourceVersion "1"]
[SourceVersionDate "2020.01.31"]
[SourceQuality "1"]
[WhiteTeam "Kennemer Combinatie"]
[BlackTeam "En Passant"]
[WhiteTeamCountry "NED"]
[BlackTeamCountry "NED"]

1. e4 e6 2. d4 d5 3. Nc3 Bb4 4. e5 c5 5. a3 Bxc3+ 6. bxc3 Qa5 7. Bd2 Qa4 8. Qg4 Kf8 9. Qd1 b6 10. dxc5 bxc5 11. Nf3 Ne7 12. Rb1 Nd7 13. Bb5 Qe4+ 14. Qe2 a6 15. Bd3 Qxe2+ 16. Bxe2 f6 17. exf6 gxf6 18. 0-0 Kf7 19. c4 d4 20. Bd3 Ra7 21. c3 Bb7 22. cxd4 Bxf3 23. gxf3 cxd4 24. Bb4 Rc8 25. Rfe1 Ne5 26. Be4 f5 27. f4 Nxc4 28. Bd3 Nd5 29. Bxc4 Rxc4 30. Bd6 Rd7 31. Be5 d3 32. Kf1 Nxf4 33. Red1 Ng6 34. Ba1 a5 35. Ke1 Nh4 36. Rb3 Nf3+ 37. Kf1 Ng5 38. Be5 Nf3 39. Bb2 Rc2 40. Kg2 Ng5 41. Be5 Ne4 42. Rbxd3 Rxf2+ 43. Kg1 Rxd3 44. Rxd3 Rd2 45. Rb3 Rd5 46. Bc7 h5 47. Rb8 Rd3 48. a4 Rd4 49. Bxa5 Rxa4 50. Bc7 h4 51. Rh8 Nf6 52. Kg2 Rg4+ 53. Kf3 Rc4 54. Bb8 Kg7 55. Rd8 Re4 56. Rd6 Rb4 57. Rd8 Re4 58. Rd6 Kg6 59. Ra6 Nh7 60. Bc7 Ng5+ 61. Kg2 f4 62. Bd8 Kf5 63. Ra5+ e5 64. Ra6 Re2+ 65. Kg1 Nf3+ 66. Kf1 Rxh2 67. Ra8 0-1

[Event "NED-chT 1819"]
[Site "Netherlands"]
[Date "2019.02.09"]
[Round "6.3"]
[White "Pruijssers, Roeland"]
[Black "Van de Griendt, Jan Willem"]
[Result "1-0"]
[WhiteElo "2506"]
[BlackElo "2335"]
[PlyCount "115"]
[EventDate "2018.09.15"]
[EventType "team-tourn"]
[EventRounds "9"]
[EventCountry "NED"]
[SourceTitle "CBM 189 Extra"]
[Source "ChessBase"]
[SourceDate "2019.06.03"]
[SourceVersion "1"]
[SourceVersionDate "2019.06.03"]
[SourceQuality "1"]
[WhiteTeam "Apeldoorn MuConsult"]
[BlackTeam "En Passant"]
[WhiteTeamCountry "NED"]
[BlackTeamCountry "NED"]

1. e4 e5 2. Nf3 Nc6 3. Bc4 Nf6 4. d3 h6 5. 0-0 d6 6. c3 g6 7. d4 Qe7 8. Re1 Bg7 9. Nbd2 0-0 10. Nf1 Bd7 11. Ng3 Kh8 12. h3 Rae8 13. Be3 Ng8 14. Qd2 Kh7 15. Rad1 Rd8 16. Bd5 Qe8 17. dxe5 dxe5 18. Bc5 Nge7 19. Bxc6 Nxc6 20. Bxf8 Bxf8 21. Qc2 Bd6 22. Nf1 Kg7 23. Ne3 Be6 24. Nd5 f6 25. Nd2 b5 26. a4 a6 27. axb5 axb5 28. Nf1 Qf7 29. Qe2 Rb8 30. Rd2 f5 31. Ra1 Rb7 32. Ra6 Nb8 33. Ra8 Nd7 34. b4 Bf8 35. Ra6 f4 36. Nh2 Nb8 37. Ra8 c6 38. Nf3 Nd7 39. Rd8 cxd5 40. exd5 Bf5 41. Nxe5 Qf6 42. Nc6 Qxc3 43. Nd4 Bxb4 44. Rd1 Nf6 45. d6 Ba5 46. Qe5 Qc4 47. Re8 Qf7 48. Nxf5+ gxf5 49. d7 Kg6 50. d8Q Bxd8 51. Rexd8 Rb6 52. Qxf4 b4 53. R1d3 Qe6 54. Rg3+ Kh5 55. Qf3+ Kh4 56. Rg6 Qe4 57. g3+ Kxh3 58. Rxh6+ 1-0

[Event "Spakenburg op"]
[Site "Spakenburg"]
[Date "2018.07.07"]
[Round "5"]
[White "Kazarian, Anna Maja"]
[Black "Van de Griendt, Jan Willem"]
[Result "1/2-1/2"]
[WhiteElo "2150"]
[BlackElo "2335"]
[PlyCount "128"]
[EventDate "2018.07.07"]
[EventType "swiss"]
[EventRounds "7"]
[EventCountry "NED"]
[SourceTitle "CBM 185 Extra"]
[Source "ChessBase"]
[SourceDate "2018.07.29"]
[SourceVersion "1"]
[SourceVersionDate "2018.07.29"]
[SourceQuality "1"]

1. e4 e5 2. Nf3 Nc6 3. Bc4 Bc5 4. 0-0 d6 5. c3 Bb6 6. Re1 Nf6 7. d3 h6 8. a4 0-0 9. h3 a6 10. b4 Ne7 11. d4 Ng6 12. dxe5 dxe5 13. Qxd8 Rxd8 14. Na3 Bd7 15. a5 Ba7 16. Bb3 Bc6 17. Bc2 Re8 18. Bb2 Rad8 19. c4 Nh7 20. b5 Bd7 21. Bc3 Nhf8 22. Rab1 Bc5 23. Bb4 Ne6 24. Red1 f6 25. Bxc5 Nxc5 26. Rd5 Ne6 27. Rbd1 Bc8 28. Bb3 Ngf4 29. Rxd8 Rxd8 30. Rxd8+ Nxd8 31. c5+ Kf8 32. Bc4 c6 33. bxa6 bxa6 34. Nd2 Nfe6 35. Nb3 Ke7 36. Nc2 Nc7 37. Nb4 Be6 38. Bxe6 Kxe6 39. Kf1 Kd7 40. Ke2 Nde6 41. Ke3 Nf4 42. g3 Nxh3 43. f4 exf4+ 44. gxf4 g5 45. fxg5 Nxg5 46. Nd4 Nge6 47. Nxe6 Nxe6 48. Nxa6 h5 49. Nb4 Nxc5 50. a6 Na4 51. a7 Nb6 52. Kf4 Kc7 53. Kg3 Kb7 54. Kh4 c5 55. Nc2 Kxa7 56. Kxh5 Kb7 57. Kg6 Nd7 58. Kf5 Kc6 59. Ke6 c4 60. Ne3 c3 61. Nd5 Nc5+ 62. Kxf6 Nxe4+ 63. Ke5 Kc5 64. Nxc3 Nxc3 1/2-1/2

[Event "Spakenburg op"]
[Site "Spakenburg"]
[Date "2018.07.07"]
[Round "4"]
[White "Van de Griendt, Jan Willem"]
[Black "Grutter, Tim"]
[Result "0-1"]
[WhiteElo "2335"]
[BlackElo "1971"]
[PlyCount "49"]
[EventDate "2018.07.07"]
[EventType "swiss"]
[EventRounds "7"]
[EventCountry "NED"]
[SourceTitle "CBM 185 Extra"]
[Source "ChessBase"]
[SourceDate "2018.07.29"]
[SourceVersion "1"]
[SourceVersionDate "2018.07.29"]
[SourceQuality "1"]

1. d4 Nf6 2. c4 g6 3. Nc3 Bg7 4. e4 d6 5. f3 0-0 6. Bg5 h6 7. Be3 Nbd7 8. Nh3 c5 9. d5 Ne8 10. Qd2 Kh7 11. Nf2 e6 12. Be2 exd5 13. cxd5 Rb8 14. a4 a6 15. 0-0 Nc7 16. Rab1 b5 17. axb5 axb5 18. b4 Qf6 19. Rfc1 h5 20. f4 Re8 21. bxc5 Nxc5 22. e5 Qe7 23. Bxc5 dxc5 24. d6 Qd7 25. dxc7 0-1

[Event "Hilversum op"]
[Site "Hilversum"]
[Date "2018.06.23"]
[Round "4"]
[White "Van de Griendt, Jan Willem"]
[Black "Van Foreest, Jorden"]
[Result "0-1"]
[WhiteElo "2347"]
[BlackElo "2641"]
[PlyCount "84"]
[EventDate "2018.06.22"]
[EventType "swiss"]
[EventRounds "6"]
[EventCountry "NED"]
[SourceTitle "CBM 185 Extra"]
[Source "ChessBase"]
[SourceDate "2018.07.29"]
[SourceVersion "1"]
[SourceVersionDate "2018.07.29"]
[SourceQuality "1"]

1. d4 d6 2. Nf3 g6 3. g3 Bg7 4. Bg2 Nf6 5. c4 0-0 6. Nc3 Nc6 7. 0-0 Bf5 8. d5 Na5 9. Nd2 c6 10. h3 cxd5 11. cxd5 b5 12. a3 Rc8 13. Nb3 Nxb3 14. Qxb3 Nd7 15. e4 Nc5 16. Qd1 Bxc3 17. exf5 Bf6 18. fxg6 hxg6 19. Rb1 a5 20. h4 Kg7 21. Be3 Rh8 22. Qe2 b4 23. axb4 axb4 24. Rfc1 Qb6 25. Rc4 Qb5 26. Qg4 b3 27. Bf1 Qa5 28. Qd1 Qa2 29. Bh3 Ra8 30. Bxc5 dxc5 31. Rxc5 Rhd8 32. Bf1 Rdc8 33. Rc6 Bxb2 34. Bc4 Rcb8 35. Kg2 Ra7 36. h5 gxh5 37. d6 e5 38. d7 Bd4 39. Be2 Rxd7 40. Ra6 Qc2 41. Qf1 Rb6 42. Rxb6 Bxb6 0-1

[Event "NED-chT 1718"]
[Site "Netherlands"]
[Date "2018.02.03"]
[Round "6.3"]
[White "Peters, Luuk"]
[Black "Van de Griendt, Jan Willem"]
[Result "0-1"]
[WhiteElo "2201"]
[BlackElo "2359"]
[PlyCount "102"]
[EventDate "2017.09.16"]
[EventType "team-tourn"]
[EventRounds "9"]
[EventCountry "NED"]
[SourceTitle "EXT 2019"]
[Source "ChessBase"]
[SourceDate "2018.10.10"]
[SourceVersion "1"]
[SourceVersionDate "2018.10.10"]
[SourceQuality "1"]
[WhiteTeam "SISSA"]
[BlackTeam "En Passant"]
[WhiteTeamCountry "NED"]
[BlackTeamCountry "NED"]

1. d4 Nf6 2. Nf3 c5 3. d5 d6 4. Nc3 e5 5. e4 Be7 6. g3 0-0 7. Bg2 b5 8. Nd2 Ba6 9. 0-0 Nbd7 10. Re1 b4 11. Ne2 Bb7 12. Nc4 a5 13. Ne3 g6 14. c4 Re8 15. g4 Nb6 16. Ng3 Nfd7 17. b3 a4 18. Bb2 Bg5 19. Qf3 Qf6 20. h3 Ra7 21. Qxf6 Nxf6 22. Bf3 Rea8 23. Kf1 Bc8 24. Ke2 h6 25. Kd3 Nh7 26. Ng2 axb3 27. axb3 Ra2 28. Kc2 Bd2 29. Rxa2 Rxa2 30. Rb1 Bc3 31. Ne3 Bd4 32. Nd1 Kg7 33. Bg2 Kf6 34. Ne2 Kg5 35. Nc1 Ra7 36. Nd3 Bxb2 37. N1xb2 h5 38. gxh5 Kxh5 39. f4 exf4 40. Nxf4+ Kh4 41. Rf1 Ng5 42. Nbd3 Re7 43. Nf2 Nd7 44. Kd3 Ne5+ 45. Ke3 f5 46. N2d3 Ngf7 47. Nxe5 Nxe5 48. Rg1 g5 49. Ne2 f4+ 50. Kf2 Nd3+ 51. Kf1 Ra7 0-1

[Event "Hilversum op"]
[Site "Hilversum"]
[Date "2017.06.25"]
[Round "6"]
[White "Beerdsen, Thomas"]
[Black "Van de Griendt, Jan Willem"]
[Result "1-0"]
[WhiteElo "2455"]
[BlackElo "2360"]
[PlyCount "79"]
[EventDate "2017.06.23"]
[EventType "swiss"]
[EventRounds "6"]
[EventCountry "NED"]
[SourceTitle "CBM 179 Extra"]
[Source "ChessBase"]
[SourceDate "2017.08.23"]
[SourceVersion "1"]
[SourceVersionDate "2017.08.23"]
[SourceQuality "1"]

1. e4 c5 2. Nf3 e6 3. d4 cxd4 4. Nxd4 a6 5. Nc3 Qc7 6. Bd3 Nf6 7. 0-0 d6 8. f4 Be7 9. Kh1 0-0 10. Qe1 Nbd7 11. b4 Re8 12. Bb2 Bf8 13. Qh4 Qb6 14. e5 Qxd4 15. Na4 Qd5 16. Rad1 Qc6 17. exf6 g6 18. Rf3 Qd5 19. Rh3 Qh5 20. Qe1 Qxh3 21. gxh3 b5 22. Nc3 Bb7+ 23. Be4 d5 24. Bg2 Bxb4 25. a3 Bf8 26. h4 h5 27. Ne2 Rac8 28. Rd2 Nb6 29. Be5 Nc4 30. Rd3 Nxa3 31. Rg3 Rxc2 32. Bf3 Kh7 33. Nd4 Rb2 34. Bxh5 gxh5 35. Rxa3 Bxa3 36. Qd1 Kh6 37. f5 exf5 38. Bf4+ Kg6 39. Qg1+ Kxf6 40. Qg5# 1-0

[Event "BCF-chT1b 1617 (4NCL)"]
[Site "England"]
[Date "2017.02.12"]
[Round "6.73"]
[White "Moreby, James"]
[Black "Van de Griendt, Jan Willem"]
[Result "0-1"]
[WhiteElo "2192"]
[BlackElo "2357"]
[PlyCount "98"]
[EventDate "2016.11.19"]
[EventType "team-tourn"]
[EventRounds "7"]
[EventCountry "ENG"]
[SourceTitle "EXT 2018"]
[Source "ChessBase"]
[SourceDate "2017.10.13"]
[SourceVersion "1"]
[SourceVersionDate "2017.10.13"]
[SourceQuality "1"]
[WhiteTeam "North East England"]
[BlackTeam "White Rose"]
[WhiteTeamCountry "ENG"]
[BlackTeamCountry "ENG"]

1. c4 Nf6 2. Nc3 c5 3. Nf3 e6 4. g3 b6 5. Bg2 Bb7 6. 0-0 d6 7. Re1 a6 8. e4 Qc7 9. b3 Be7 10. Bb2 0-0 11. d4 cxd4 12. Nxd4 Re8 13. Rc1 Nbd7 14. f4 Nf8 15. Qd2 Rac8 16. Rc2 Qb8 17. Bc1 Rcd8 18. Qe2 d5 19. cxd5 exd5 20. e5 Bc5 21. Be3 N6d7 22. Bh3 Bb4 23. Rec1 Ba3 24. Rd1 Rc8 25. Qg4 Rc7 26. Nf5 Ng6 27. Bd4 Ndf8 28. Nd6 Bxd6 29. exd6 Rd7 30. f5 Ne5 31. Bxe5 Rxe5 32. f6 Ne6 33. Ne2 h5 34. Qh4 Qxd6 35. Nf4 g5 36. Qxh5 gxf4 37. Bf5 Rxf5 38. Qxf5 d4 39. Qg4+ Kf8 40. Qh4 Ke8 41. gxf4 d3 42. Rf2 Rd8 43. Qg3 Qd5 44. Rfd2 Qd4+ 45. Rf2 Qd5 46. Rfd2 Qc5+ 47. Rf2 Be4 48. Qg4 Bf5 49. Qf3 Qd4 0-1

[Event "EU-Cup 32nd"]
[Site "Novi Sad"]
[Date "2016.11.12"]
[Round "7.4"]
[White "Hedman, Erik"]
[Black "Van de Griendt, Jan Willem"]
[Result "1-0"]
[WhiteElo "2354"]
[BlackElo "2357"]
[PlyCount "155"]
[EventDate "2016.11.06"]
[EventType "team-swiss"]
[EventRounds "7"]
[EventCountry "SRB"]
[SourceTitle "CBM 176"]
[Source "ChessBase"]
[SourceDate "2017.01.17"]
[SourceVersion "1"]
[SourceVersionDate "2017.01.17"]
[SourceQuality "1"]
[WhiteTeam "Umea Rockaden"]
[BlackTeam "En Passant"]
[WhiteTeamCountry "SWE"]
[BlackTeamCountry "NED"]

1. d4 Nf6 2. c4 e6 3. Nf3 d5 4. g3 dxc4 5. Bg2 Nc6 6. Qa4 Bb4+ 7. Bd2 Nd5 8. Qb5 0-0 9. 0-0 Bxd2 10. Nbxd2 Nb6 11. Nxc4 Nxd4 12. Nxd4 Qxd4 13. Nxb6 Qxb6 14. a4 Qd6 15. Rfd1 Qe7 16. a5 a6 17. Qc4 e5 18. b4 Re8 19. Rac1 c6 20. Qc5 Qxc5 21. bxc5 Be6 22. Rb1 Rad8 23. Rd6 Bc8 24. Rbd1 Rxd6 25. Rxd6 Kf8 26. e4 Ke7 27. f3 Be6 28. Bf1 g5 29. g4 h5 30. h3 hxg4 31. hxg4 Bb3 32. Rd2 Ba4 33. Bc4 Bb5 34. Bb3 Rh8 35. Kg2 Rh6 36. Ba2 Ba4 37. Rb2 Bb5 38. Rd2 Rg6 39. Kg3 Rh6 40. Kg2 Ke8 41. Bb3 Ke7 42. Ba2 Rf6 43. Bb3 Bf1+ 44. Kf2 Bb5 45. Ba2 Rf4 46. Ke3 Ba4 47. Bc4 Rf6 48. Rh2 Bb5 49. Bb3 Bf1 50. Rh8 Bg2 51. Bd1 Bf1 52. Rb8 Rh6 53. Rxb7+ Ke8 54. Kf2 Bb5 55. Kg2 Re6 56. Bb3 Rf6 57. Kf2 Kf8 58. Ke3 Ke8 59. Bd1 Rh6 60. Be2 Bxe2 61. Kxe2 Rh2+ 62. Kd3 Ra2 63. Rb6 Rxa5 64. Rxc6 Kd7 65. Rd6+ Ke7 66. Rd5 f6 67. c6 Ra1 68. Kc2 Ra4 69. Kb3 Ra1 70. Kb2 Ra4 71. Kb3 Ra1 72. Kb4 Rb1+ 73. Ka5 Rc1 74. Kb6 a5 75. Rxa5 Rb1+ 76. Rb5 Rc1 77. c7 Rc3 78. Kb7 1-0

[Event "EU-Cup 32nd"]
[Site "Novi Sad"]
[Date "2016.11.06"]
[Round "1.4"]
[White "Vocaturo, Daniele"]
[Black "Van de Griendt, Jan Willem"]
[Result "1-0"]
[WhiteElo "2599"]
[BlackElo "2357"]
[PlyCount "139"]
[EventDate "2016.11.06"]
[EventType "team-swiss"]
[EventRounds "7"]
[EventCountry "SRB"]
[SourceTitle "CBM 176"]
[Source "ChessBase"]
[SourceDate "2017.01.17"]
[SourceVersion "1"]
[SourceVersionDate "2017.01.17"]
[SourceQuality "1"]
[WhiteTeam "Padova"]
[BlackTeam "En Passant"]
[WhiteTeamCountry "ITA"]
[BlackTeamCountry "NED"]

1. e4 e6 2. d4 d5 3. Nc3 Bb4 4. e5 c5 5. a3 Bxc3+ 6. bxc3 Qa5 7. Bd2 Qa4 8. dxc5 Nc6 9. Nf3 f6 10. Nd4 Nxd4 11. cxd4 Qxd4 12. Bb5+ Kf7 13. exf6 Nxf6 14. 0-0 e5 15. Rb1 Qxc5 16. Bg5 b6 17. Qe2 Qd6 18. Rfe1 Bf5 19. Rbd1 Rac8 20. Ba4 Rhd8 21. Bb3 Kg6 22. Bh4 e4 23. Bxf6 Qxf6 24. Bxd5 Re8 25. h3 h5 26. c4 Kh6 27. Qd2+ Kh7 28. Re3 Rcd8 29. Qe2 Bg6 30. Re1 Qf4 31. a4 Re5 32. g3 Qf5 33. Kg2 Rde8 34. h4 Kh8 35. Qd2 Rd8 36. Qc3 Rexd5 37. cxd5 Qxd5 38. Rb1 Kh7 39. Qa3 Rd7 40. Rb5 Qd2 41. Qb2 Qd1 42. a5 Rd2 43. Qb3 Qa1 44. Qb1 Qd4 45. Qe1 Rd1 46. Qc3 Qd7 47. Rg5 Rd3 48. Qe1 Rd1 49. Qe2 Rd2 50. Qc4 Rd4 51. Qb5 Qf7 52. Qb2 Rd6 53. axb6 axb6 54. Qe2 Rd4 55. Rc3 Rd5 56. Rxd5 Qxd5 57. Qe3 Qd6 58. Rb3 Qe5 59. Rxb6 Qe7 60. Ra6 Qf7 61. Ra7 Qf6 62. Qf4 Qxf4 63. gxf4 Bf5 64. Kf1 Bg4 65. Ke1 Kg6 66. Kd2 Bf5 67. Ke3 Kf6 68. Ra6+ Kf7 69. Rb6 g6 70. Kd4 1-0